00600nam a2200229 u 450000100100000000500170001000800410002702000180006804100090008604300120009508200170010710000270012424500370015125000120018826000380020030000140023850000390025250400420029165000120033365000100034565000150035500005696320200120223407.0130624s1997 mx gr 000 0 spa d a97896824565650 a|spa an-mx---04a170bA582211 aAlvarado, Martín E.,10aÉtica /cMartín E. Alvarado. a1a. ed. aMéxico D. F. :bTrillas,c1997. a149 p. :. aPremio : Nuevo León a la Calidad aIncluye referencias bibliográficas.14aÉtica24aMoral24aReligión